000 00583nam a2200193Ia 4500
003 GCL
008 140319s9999 xx 000 0 ara d
040 _aGCL /
_cGCL
082 0 4 _aد
_b050
100 1 _aعبدالعزيز جادو
245 1 0 _aالاحلام والرؤى ( اقرا 166 ) /
_cعبدالعزيز جادو
300 _a159 ص
490 _aوثائق ونصوص
_v0
650 0 4 _aالتحليل النفسى
650 0 4 _aالاحلام
650 0 4 _aالاحلام - الجوانب النفسية
650 0 4 _aالاحلام - تفسير
942 _2ddc
_cCF
999 _c27167
_d27167